Tribhuvan University Central Library

शिक्षा परिचय (Record no. 91032)

MARC details
000 -LEADER
fixed length control field 00617nam a22002177a 4500
008 - FIXED-LENGTH DATA ELEMENTS--GENERAL INFORMATION
fixed length control field 200122b xxu||||| |||| 00| 0 eng d
020 ## - INTERNATIONAL STANDARD BOOK NUMBER
International Standard Book Number 9789937521109
041 ## - LANGUAGE CODE
Language code of text/sound track or separate title Nep.
082 ## - DEWEY DECIMAL CLASSIFICATION NUMBER
Classification number N370/Bh559s
100 ## - MAIN ENTRY--PERSONAL NAME
Personal name Bhattarai, Ganesh Prasad
241 ## - ROMANIZED TITLE (BK AM CF MP MU VM)
Romanized title Siksa parichya
245 ## - TITLE STATEMENT
Title शिक्षा परिचय
246 ## - VARYING FORM OF TITLE
Title proper/short title a textbook on introduction to education
260 ## - PUBLICATION, DISTRIBUTION, ETC.
Place of publication, distribution, etc. Kathmandu:
Name of publisher, distributor, etc. Pradhan Book House,
Date of publication, distribution, etc. 2066 B.S.
300 ## - PHYSICAL DESCRIPTION
Extent iv,180p.;illus.
650 ## - SUBJECT ADDED ENTRY--TOPICAL TERM
Topical term or geographic name entry element Civilization
650 ## - SUBJECT ADDED ENTRY--TOPICAL TERM
Topical term or geographic name entry element Education
650 ## - SUBJECT ADDED ENTRY--TOPICAL TERM
Topical term or geographic name entry element Secondary education
9 (RLIN) 6061
700 ## - ADDED ENTRY--PERSONAL NAME
Personal name Khanal, Ganeshprasad
942 ## - ADDED ENTRY ELEMENTS (KOHA)
Source of classification or shelving scheme Dewey Decimal Classification
Koha item type ISBN
Holdings
Withdrawn status Lost status Source of classification or shelving scheme Damaged status Not for loan Home library Current library Date acquired Total Checkouts Full call number Barcode Date last seen Price effective from Koha item type
    Dewey Decimal Classification     Tribhuvan University Central Library Tribhuvan University Central Library 01/22/2020   N370/Bh559s IS7094 01/22/2020 01/22/2020 ISBN